[Event "Elancourt op 10th"]
[Site "Elancourt"]
[Date "2007.04.18"]
[Round "6"]
[White "Mongey, Alain"]
[Black "De Luise, Kevin"]
[Result "1-0"]
[WhiteElo "1620"]
[BlackElo "1009"]
[PlyCount "97"]
[EventDate "2007.04.14"]
[EventType "swiss"]
[EventRounds "9"]
[EventCountry "FRA"]
[SourceTitle "CBM 118 Extra"]
[Source "ChessBase"]
[SourceDate "2007.07.04"]
[SourceVersion "1"]
[SourceVersionDate "2007.07.04"]
[SourceQuality "1"]

1. d4 d5 2. Bg5 Nf6 3. Nf3 Bg4 4. Nbd2 Nc6 5. e3 e6 6. h3 Bxf3 7. Nxf3 Be7 8. Bb5 Qd7 9. Ne5 Qd6 10. Nxc6 bxc6 11. Bd3 0-0 12. 0-0 h6 13. Bf4 Qb4 14. Rb1 g5 15. Be5 c5 16. a3 Qb6 17. dxc5 Qxc5 18. b4 Qc6 19. Rc1 Qa4 20. Ra1 Nd7 21. Bb2 Bf6 22. Bxf6 Nxf6 23. Qf3 Nd7 24. Qg3 Rac8 25. h4 f6 26. hxg5 hxg5 27. Qh3 Rf7 28. Qxe6 Kf8 29. Qxd5 Nb6 30. Qf3 Rd7 31. Qxf6+ Rf7 32. Qxg5 Rg7 33. Qc5+ Re7 34. Bb5 Nd7 35. Qf5+ Rf7 36. Bxa4 Rxf5 37. Bxd7 Rd8 38. Bxf5 Rd2 39. Rfd1 Rxd1+ 40. Rxd1 Kf7 41. Rd5 c6 42. Rd6 Ke7 43. Rxc6 a5 44. bxa5 Kd8 45. a6 Ke7 46. a7 Kd8 47. a8Q+ Ke7 48. Qb7+ Ke8 49. Rc8# 1-0

[Event "Elancourt op 10th"]
[Site "Elancourt"]
[Date "2007.04.16"]
[Round "4"]
[White "De Luise, Kevin"]
[Black "Anciant Grasdepot, Bernard"]
[Result "0-1"]
[WhiteElo "1009"]
[BlackElo "1520"]
[PlyCount "88"]
[EventDate "2007.04.14"]
[EventType "swiss"]
[EventRounds "9"]
[EventCountry "FRA"]
[SourceTitle "CBM 118 Extra"]
[Source "ChessBase"]
[SourceDate "2007.07.04"]
[SourceVersion "1"]
[SourceVersionDate "2007.07.04"]
[SourceQuality "1"]

1. e4 e5 2. Nf3 Nc6 3. Nc3 Nf6 4. Bb5 d6 5. 0-0 Be7 6. Bxc6+ bxc6 7. d4 Bg4 8. dxe5 Bxf3 9. Qxf3 dxe5 10. Bg5 0-0 11. Bxf6 Bxf6 12. Rad1 Qc8 13. Qf5 Qb7 14. Rd3 Qxb2 15. Rh3 h6 16. Qg4 Kh8 17. Rg3 Rad8 18. Nd1 Qxa2 19. Ne3 Qe6 20. Nf5 Rg8 21. Nxh6 gxh6 22. Qh5 Rxg3 23. fxg3 Bg7 24. g4 Qg6 25. Rxf7 Qxh5 26. gxh5 Rc8 27. Re7 a5 28. Rd7 a4 29. Rd3 Rb8 30. Ra3 Rb4 31. c3 Rxe4 32. Ra1 Rc4 33. Rb1 Rxc3 34. Rb7 a3 35. Rxc7 a2 36. Ra7 Rc1+ 37. Kf2 a1Q 38. Kf3 Qxa7 39. Ke4 Qd4+ 40. Kf5 Rf1+ 41. Ke6 Qd8 42. g4 Qd5+ 43. Ke7 Rf7+ 44. Ke8 Qd7# 0-1